Normal view
MARC view
- Shedage Neha-2K221053 & Dr. Sonali Parchure-Guide
Entry Personal Name
001 - CONTROL NUMBER
- control field: 208200
003 - CONTROL NUMBER IDENTIFIER
- control field: OSt
005 - DATE AND TIME OF LATEST TRANSACTION
- control field: 20240812105445.0
008 - FIXED-LENGTH DATA ELEMENTS
- fixed length control field: 240812|| aca||aabn | a|a d
040 ## - CATALOGING SOURCE
- Original cataloging agency: OSt
- Transcribing agency: OSt
100 ## - HEADING--PERSONAL NAME
- Personal name: Shedage Neha-2K221053 & Dr. Sonali Parchure-Guide
670 ## - SOURCE DATA FOUND
- Source citation: Work cat.: (OSt)359440: Shedage Neha-2K221053 & Dr. Sonali Parchure-Guide, An Analysis of Risk Management in the Stock Market and Its Effects, March-2024